|
|
|
|
| LEADER |
00000nam0a2200000 4500 |
| 001 |
317553 |
| 005 |
20231102003003.0 |
| 035 |
|
|
|a (RuTPU)RU\TPU\book\343021
|
| 090 |
|
|
|a 317553
|
| 100 |
|
|
|a 20160411d1982 km y0rusy50 ca
|
| 101 |
0 |
|
|a rus
|
| 102 |
|
|
|a UA
|
| 105 |
|
|
|a a z 001zy
|
| 200 |
1 |
|
|a Проблемы палеомагнетизма докембрия (на примере гипабиссального комплекса Украинского щита)
|f Н. П. Михайлова
|g Академия наук Украинской ССР (АН УССР), Институт геофизики (ИГФ)
|
| 210 |
|
|
|a Киев
|c Наукова думка
|d 1982
|
| 215 |
|
|
|a 204 с.
|c ил.
|
| 320 |
|
|
|a Библиогр.: с. 194-203
|
| 606 |
1 |
|
|a Палеомагнетизм
|x Стратиграфия
|2 stltpush
|3 (RuTPU)RU\TPU\subj\47993
|9 66875
|
| 610 |
1 |
|
|a докембрий
|
| 610 |
1 |
|
|a Украинский щит
|
| 610 |
1 |
|
|a Балтийский щит
|
| 610 |
1 |
|
|a дайковые породы
|
| 610 |
1 |
|
|a минералогические критерии
|
| 610 |
1 |
|
|a метахронный характер
|
| 610 |
1 |
|
|a геомагнитное поле
|
| 610 |
1 |
|
|a синхронные проявления
|
| 675 |
|
|
|a 550.384
|v 4
|
| 700 |
|
1 |
|a Михайлова
|b Н. П.
|g Нинель Петровна
|
| 712 |
0 |
2 |
|a Академия наук Украинской ССР (АН УССР)
|b Институт геофизики (ИГФ)
|c (Киев)
|2 stltpush
|3 (RuTPU)RU\TPU\col\13865
|
| 801 |
|
1 |
|a RU
|b 63413507
|c 20160411
|
| 801 |
|
2 |
|a RU
|b 63413507
|c 20191206
|g RCR
|
| 942 |
|
|
|c BK
|